000 00727nam a2200193 a 4500
001 000892239
003 AM-YeHGA
005 20250617145427.0
008 120518s1973 ||| r 000 0 rus d
040 _aAM-YeHGA
041 0 _arus
100 1 _aСоломонов, Никита Гаврилович
245 1 0 _aОчерки популярной экологии грызунов и зайца-беляка в Центральной Якутии /
_cН. Г. Соломонов.
260 _aЯкутск :
_bЯкут. кн. изд-во,
_c1973.
300 _a247 с. :
_bил. ;
_c20 см.
504 _aБиблиогр. : с. 222-247
653 0 _aЭкология грызунов - Якутия
090 _c313410
999 _c311692
_d311692